HEALTH AND MEDITATION (Record no. 181501)

MARC details
000 -LEADER
fixed length control field 00613nam a22001937a 4500
005 - DATE AND TIME OF LATEST TRANSACTION
control field 20210916122349.0
010 ## - LCCN (DPL NO)
LC control number ENG-129934
020 ## - INTERNATIONAL STANDARD BOOK NUMBER
International Standard Book Number 978-81-217-0209-6
Terms of availability 650.00
035 ## - SYSTEM CONTROL NUMBER
System control number EN-113466
037 ## - SOURCE OF ACQUISITION
Source of stock number/acquisition DBAD/PUB
082 ## - DEWEY DECIMAL CLASSIFICATION NUMBER
Classification number 158.128
100 ## - MAIN ENTRY--PERSONAL NAME
Personal name SHARMA, S.K.
245 ## - TITLE STATEMENT
Title HEALTH AND MEDITATION
Statement of responsibility, etc S.K. SHARMA
260 ## - PUBLICATION, DISTRIBUTION, ETC. (IMPRINT)
Name of publisher, distributor, etc BHARATIYA VIDYA PRAKASHAN
Place of publication, distribution, etc IndIa
Date of publication, distribution, etc 2018
270 ## - ADDRESS
City VARANASI
Postal code 221005
Address II Floor, Dharamsangh Bhawan, Durgakund Road,
Electronic mail address bvpbooks@gmail.com
Telephone number 0542-2310500
300 ## - PHYSICAL DESCRIPTION
Extent vii;336p.
Dimensions 22cm(hbk)
500 ## - GENERAL NOTE
General note includes Bibliography
942 ## - ADDED ENTRY ELEMENTS (KOHA)
Source of classification or shelving scheme Dewey Decimal Classification
Item type English Books
Classification part 150.128
Call number suffix SHA

No items available.


© Delhi Public Library
Hit Counter
free hit counter